<?xml version="1.0" encoding="UTF-8"?><?xml-stylesheet type="text/xsl" href="static/style.xsl"?><OAI-PMH xmlns="http://www.openarchives.org/OAI/2.0/" xmlns:xsi="http://www.w3.org/2001/XMLSchema-instance" xsi:schemaLocation="http://www.openarchives.org/OAI/2.0/ http://www.openarchives.org/OAI/2.0/OAI-PMH.xsd"><responseDate>2026-04-17T12:09:35Z</responseDate><request verb="GetRecord" identifier="oai:www.recercat.cat:10459.1/70808" metadataPrefix="marc">https://recercat.cat/oai/request</request><GetRecord><record><header><identifier>oai:recercat.cat:10459.1/70808</identifier><datestamp>2024-12-05T21:23:00Z</datestamp><setSpec>com_2072_3622</setSpec><setSpec>col_2072_479130</setSpec></header><metadata><record xmlns="http://www.loc.gov/MARC21/slim" xmlns:dcterms="http://purl.org/dc/terms/" xmlns:xsi="http://www.w3.org/2001/XMLSchema-instance" xmlns:doc="http://www.lyncode.com/xoai" xsi:schemaLocation="http://www.loc.gov/MARC21/slim http://www.loc.gov/standards/marcxml/schema/MARC21slim.xsd">
   <leader>00925njm 22002777a 4500</leader>
   <datafield ind2=" " ind1=" " tag="042">
      <subfield code="a">dc</subfield>
   </datafield>
   <datafield ind2=" " ind1=" " tag="720">
      <subfield code="a">Dueñas, Jorge-Manuel</subfield>
      <subfield code="e">author</subfield>
   </datafield>
   <datafield ind2=" " ind1=" " tag="720">
      <subfield code="a">Racionero-Plaza, Sandra</subfield>
      <subfield code="e">author</subfield>
   </datafield>
   <datafield ind2=" " ind1=" " tag="720">
      <subfield code="a">Melgar, Patricia</subfield>
      <subfield code="e">author</subfield>
   </datafield>
   <datafield ind2=" " ind1=" " tag="720">
      <subfield code="a">Sanvicén, Paquita</subfield>
      <subfield code="e">author</subfield>
   </datafield>
   <datafield ind2=" " ind1=" " tag="260">
      <subfield code="c">2021-03-19T09:33:51Z</subfield>
   </datafield>
   <datafield ind2=" " ind1=" " tag="260">
      <subfield code="c">2021-03-19T09:33:51Z</subfield>
   </datafield>
   <datafield ind2=" " ind1=" " tag="260">
      <subfield code="c">2021</subfield>
   </datafield>
   <datafield ind2=" " ind1=" " tag="520">
      <subfield code="a">Social struggles have led to the legal recognition of the rights of LGTBI+ people in&#xd;
some countries. Even so, violence against LGTBI+ people is a social problem&#xd;
throughout the world, and has resulted in the vulnerability and victimization of the&#xd;
members of this group. In Spain, no research has been published to date that&#xd;
analyzes this problem in the university context. Considering the scarcity of studies on&#xd;
the identification of this type of violence in Spain, the main objective of this study&#xd;
was to identify violence against LGBTI+ people in Catalan universities. We&#xd;
administered a battery of questions to a sample of 571 university students from six&#xd;
universities in Catalonia (77.8% women) between 17 and 55 years old (M = 21.0; SD =&#xd;
3.96). Of the 12 situations of violence presented, psychological violence was&#xd;
identified as the most common type. Within our sample, 61.0% reported either being&#xd;
aware of or having experienced some type of violence related to the university&#xd;
context and motivated by the sexual orientation, gender identity, or gender&#xd;
expression of the victim. The results also show that these types of violence in the&#xd;
university context are rarely reported, especially when they do not include physical&#xd;
violence. This study highlights a previously unreported problem and identifies future&#xd;
research avenues in university contexts.</subfield>
   </datafield>
   <datafield ind2=" " ind1=" " tag="520">
      <subfield code="a">This work is part of the project Uni4Freedom. Violence due to Sexual Orientation and Gender Identity or Expression, which was supported by the Obra Social La Caixa [2017ACUP00235].</subfield>
   </datafield>
   <datafield ind1="8" ind2=" " tag="024">
      <subfield code="a">http://hdl.handle.net/10459.1/70808</subfield>
   </datafield>
   <datafield tag="653" ind2=" " ind1=" ">
      <subfield code="a">Violence</subfield>
   </datafield>
   <datafield tag="653" ind2=" " ind1=" ">
      <subfield code="a">LGBTI+ students</subfield>
   </datafield>
   <datafield tag="653" ind2=" " ind1=" ">
      <subfield code="a">University students</subfield>
   </datafield>
   <datafield tag="653" ind2=" " ind1=" ">
      <subfield code="a">Sexual orientation</subfield>
   </datafield>
   <datafield tag="653" ind2=" " ind1=" ">
      <subfield code="a">Gender identity</subfield>
   </datafield>
   <datafield tag="653" ind2=" " ind1=" ">
      <subfield code="a">Gender expression</subfield>
   </datafield>
   <datafield ind2="0" ind1="0" tag="245">
      <subfield code="a">Identifying violence against the LGTBI+ community in Catalan universities</subfield>
   </datafield>
</record></metadata></record></GetRecord></OAI-PMH>